000 01130nam a22003257a 4500
003 CHAP
005 20220329135541.0
008 971013s1986 r 00010 d
010 _a38361
011 _a39333
035 _a43453
040 _cCHAP
090 _aFolleto 7339
100 0 0 _aPelayo Zaldívar, Clara.
_986608
245 _aAlmacenamiento de frutas en atmósfera controlada
_b: respuestas fisiológicas
260 _aMéxico, D.F. :
_bCONAFRUT,
_c1986
300 _a29 p.
_b: anexo ; gráfs.
490 _aComunicaciones técnicas
_v; Serie monografías; 2
590 _aBATCH-UPD
_b10
_c20130110
_lUCH01
_h1210
590 _aBATCH-UPD
_b10
_c20130410
_lUCH01
_h0749
590 _aBATCH-UPD
_b10
_c20130914
_lUCH01
_h1017
590 _aCONVERSION
_b10
_c20130109
_lUCH01
_h1321
650 1 4 _aFruta
_xAlmacenamiento.
_943592
650 1 4 _aFruta
_xFisiología y morfología.
_943618
710 0 _aComisión Nacional de Fruticultura. México.
_925772
830 0 _aComunicaciones técnicas
_v; Serie monografías; 2
_926175
901 _aBK
942 _cFOLL
949 _aFolleto 7339
_bBC
_cFOLL
_d-99538
_eTS1
_i43453
_mD
_si
999 _c38361
_d38361